| 000 -LEADER |
| fixed length control field |
00419 a2200133 4500 |
| 008 - FIXED-LENGTH DATA ELEMENTS--GENERAL INFORMATION |
| fixed length control field |
240705b ||||| |||| 00| 0 eng d |
| 020 ## - INTERNATIONAL STANDARD BOOK NUMBER |
| International Standard Book Number |
9783037782422 |
| 082 ## - DEWEY DECIMAL CLASSIFICATION NUMBER |
| Classification number |
723.3 |
| 100 ## - MAIN ENTRY--PERSONAL NAME |
| Personal name |
Mohsen Mostafavi |
| 245 ## - TITLE STATEMENT |
| Title |
Aga Khan Award for Architecture 2010: Implicate & Explicate: Aga Kahn Award for Architecture 2010 |
| 260 ## - PUBLICATION, DISTRIBUTION, ETC. (IMPRINT) |
| Name of publisher, distributor, etc |
Lars Muller Publishers; Illustrated edition |
| Date of publication, distribution, etc |
2011 |
| 300 ## - PHYSICAL DESCRIPTION |
| Extent |
351p; |
| 942 ## - ADDED ENTRY ELEMENTS (KOHA) |
| Source of classification or shelving scheme |
|